000 00405 a2200169 4500
001 192304
020 _a978-85-66653-48-9
040 _cMagnum
100 _aBellinghausen, Ingrid Biesemeyer
240 1 0 _aEra uma vez...fábulas encantadas
_lpor
245 1 0 _aEra uma vez...fábulas encantadas
300 _a24
362 0 _a2015
440 1 _aBaobá
697 _aLITERATURA INFANTIL
942 _cBK
999 _c192304
_d192304